000 00571amm a2200193 4500
008 170106s2015 o cat d
041 _acat
041 _beng
100 _969022
_aHarris, Daniel C
245 _aTerminologia d'anàlisi química quantitativa
_h[en línia]
260 _aBarcelona
_bInstitut d'Estudis Catalans
_c2015
500 _aCategoria gramatical
520 _aaprox. 3.600
592 _aObra terminològica
593 _aBC
650 0 _aquímica analítica
_960664
856 _uhttps://cit.iec.cat/obresx.asp?obra=AQQ
942 _cMO
_n0
_2ddc
999 _c68662
_d68662